000 00601nam a2200193 i 4500
001 34642
003 ES-MaACL
005 20230906154954.0
007 t|
008 030207s1912 fr ||||1| fre d
100 1 _aBoinet, Amédée.
_929851
245 1 4 _aLes sculptures de la Cathédrale de Bourges (façade occidentale) /
_cpar Amédée Boinet.
260 _aParís :
_bHonoré Champion,
_c1912.
300 _a172 p., 12 lám. ;
_c29 cm.
490 1 _aRevue de l'Art chrétien ;
_v1
830 0 _aRevue de l'Art chrétien ;
_v1
_9229507
852 _aES-MaACL
_jG-8131
999 _c34642
_d34642